Voos com origem em Vitória (VIX) - Statistics

Estatísticas Gerais
  • Esse quiz foi jogado 12 vezes
  • A pontuação média é 9 de 10
Estatísticas das Respostas
Cia aérea Destino % Correto
Azul Belo Horizonte-Confins
100%
Gol, LATAM Brasília
100%
Azul Campinas
100%
Gol, LATAM Rio de Janeiro-Galeão
100%
Gol, LATAM São Paulo-Congonhas
100%
Gol, LATAM São Paulo-Guarulhos
100%
LATAM Fortaleza
90%
Gol Salvador
90%
Gol Porto Seguro
80%
Azul, Gol Recife
80%
Nenhum quiz correspondente encontrado
Distribuição das Pontuações
Porcentagem de Pessoas com Cada Pontuação
Percentil de Números Respondidos
Sua Pontuação Histórica
Você não jogou esse quiz